000 00474nam a2200157Ia 4500
008 090711s9999 xx 000 0 und d
082 _b14414
100 _aवनारसे विश्वनाथ ब.
245 _aकामिनी
260 _c1963
600 _aवनारसे विश्वनाथ ब.
630 _aकामिनी
700 _aवनारसे विश्वनाथ ब.
730 _aकामिनी
942 _cBOOK
999 _c328150
_d328150